01630cam a22003855a 4500001000800000005001700008008004100025020001500066020001800081035002400099035001200123040003300135043002100168082002500189100003300214245006600247250001200313260005600325300003300381500002300414504006400437541005800501650005700559650006300616650006500679650003100744650004600775651001000821653002800831942000800859999001700867952012000884952012001004952012001124765146320170318112619.0060706s2006 ua a grbd 001 0 eng d a977424995X a9789774249952 a(OCoLC)ocn682657573 a7651463 aHLSbengcHLSdORZdEG-ScBUE af------aa------04a321.8091767bABD2221 aAbdel Fattah, Moataz,d1972-10aDemocratic values in the Muslim world /cMoataz Abdel Fattah. a1st ed. aCairo :bAmerican University in Cairo Press,c2006. axi, 209 p. :bill. ;c23 cm. aIncludes glossary. aIncludes bibliographical references (p. 177-191) and index. aDonation from The American University in Cairo Press. 7aDemocracyzIslamic countriesxPublic opinion.2BUEsh 7aDemocratizationzIslamic countriesxPublic opinion.2BUEsh 7aPolitical culturezIslamic countriesxPublic opinion.2BUEsh 7aMuslimsxAttitudes.2BUEsh 7aPublic opinionzIslamic countries.2BUEsh 2BUEsh bBUSBOLbGGENcMarch2017 2ddc c24453d24425 00102ddc40708AUCaMAINbMAINc1STd2017-03-18eDonationl0o321.8091767 ABDp000041390r2025-07-15 00:00:00yBB 00102ddc40708AUCaMAINbMAINc1STd2017-03-18eDonationl0o321.8091767 ABDp000041391r2025-07-15 00:00:00yBB 00102ddc40708AUCaMAINbMAINc1STd2017-03-18eDonationl0o321.8091767 ABDp000041392r2025-07-15 00:00:00yBB